| 000 | 00486nam a2200169 4500 | ||
|---|---|---|---|
| 001 | 144264 | ||
| 003 | ES-MaACL | ||
| 005 | 20230906200958.0 | ||
| 007 | t| | ||
| 008 | 070214s1928 sp r ||||1| spa d | ||
| 100 | 1 |
_aSierra Corella, Antonio. _9106267 |
|
| 245 | 1 | 3 |
_aEl Cabildo de párrocos de Toledo / _cAntonio Sierra Corulla. |
| 260 |
_aMadrid : _b[s.n.], _c1928 ( _fTip. Archivos) |
||
| 300 |
_a22 p. ; _c24 cm. |
||
| 852 |
_aES-MaACL _j1732-F-29 |
||
| 852 |
_aES-MaACL _j1726-F-22 |
||
| 999 |
_c144264 _d144264 |
||